Handbook of pulsar astronomy / (Record no. 29751)

000 -LEADER
fixed length control field 00707 a2200193 4500
020 ## - INTERNATIONAL STANDARD BOOK NUMBER
International Standard Book Number 0521828236
020 ## - INTERNATIONAL STANDARD BOOK NUMBER
International Standard Book Number 9780521828239
082 ## - DEWEY DECIMAL CLASSIFICATION NUMBER
Classification number 523.8874
090 ## - LOCALLY ASSIGNED LC-TYPE CALL NUMBER (OCLC); LOCAL CALL NUMBER (RLIN)
-- 1137
-- 1137
100 1# - MAIN ENTRY--PERSONAL NAME
Personal name Lorimer, D. R.
245 10 - TITLE STATEMENT
Title Handbook of pulsar astronomy /
Statement of responsibility, etc. D. R. Lorimer, M. Kramer.
260 ## - PUBLICATION, DISTRIBUTION, ETC.
Place of publication, distribution, etc. [S.l.] :
Name of publisher, distributor, etc. Cambridge University Press,
Date of publication, distribution, etc. 2005.
300 ## - PHYSICAL DESCRIPTION
Extent 312 p. ;
Dimensions 23 cm.
490 1# - SERIES STATEMENT
Series statement Cambridge observing handbooks for research astronomers.
700 1# - ADDED ENTRY--PERSONAL NAME
Personal name Kramer, M.
830 #0 - SERIES ADDED ENTRY--UNIFORM TITLE
Uniform title Cambridge observing handbooks for research astronomers.
942 ## - ADDED ENTRY ELEMENTS (KOHA)
Institution code [OBSOLETE] SNS
Koha item type Book
Call number prefix 523.8874 LOR
Holdings
Withdrawn status Lost status Damaged status Not for loan Permanent Location Current Location Date acquired Total Checkouts Full call number Barcode Date last seen Price effective from Koha item type
        School of Natural Sciences (SNS) School of Natural Sciences (SNS) 05/26/2016   523.8874 LOR SNS0001646 05/26/2016 05/26/2016 Book
© 2023 Central Library, National University of Sciences and Technology. All Rights Reserved.